| 000 | 00422nam a2200181Ia 4500 | ||
|---|---|---|---|
| 001 | 20836 | ||
| 005 | 20260306172835.0 | ||
| 008 | 260306t2018||||xx |||||||||||||| ||spa|| | ||
| 041 | _aESP | ||
| 082 |
_a343.8 _bF62 |
||
| 100 |
_aFlores Gallegos, Jorge _eAUT |
||
| 245 | 0 | _aManual tributario 2018 | |
| 260 | _c2018 | ||
| 300 |
_a531 páginas : _c25 cm. |
||
| 650 | _aGEN | ||
| 654 | _aCDE | ||
| 942 |
_cLIB _dJUS _fJUS _2ddc _n |
||
| 999 |
_c20836 _d20836 |
||